Statistiken für Austrian Darts Open

Klicken Sie hier um das Quiz zu spielen!

Allgemein

  • Dieses Quiz wurde 183 mal gespielt
    (28 seit der letzten Aktualisierung)
  • Das Durchschnittsergebnis liegt bei 8 aus 10

Antwortstatistiken

JahrNationalitätSieger% Korrekt
2013NiederlandeMichael van Gerwen
100%
2017NiederlandeMichael van Gerwen
100%
2019NiederlandeMichael van Gerwen
100%
2022NiederlandeMichael van Gerwen
100%
2024EnglandLuke Littler
88%
2016EnglandPhil Taylor
88%
2018WalesJonny Clayton
77%
2023WalesJonny Clayton
77%
2014NiederlandeVincent van der Voort
23%
2012EnglandJustin Pipe
15%

Verteilung der Resultate

Perzentil nach korrekt beantworteten Fragen

Anzahl Personen mit jedem Resultat

Ihre Resultats-Entwicklung

Sie haben dieses Quiz seit der letzten Aktualisierung nicht gespielt